• 首页
  • 本馆介绍
  • 公告通知
  • 最新文献
  • 馆藏检索
  • 电子资源
  • 读者导购
  • 参考咨询
  • 我的图书馆
  • 登录
  • 详细信息显示
  • 放入我的书架
  • 预约/预借图书
  • 作者相关作品
  • 分类相关作品
  • 丛书相关作品
  • 出版社相关作品

书目信息

  • 表格格式
  • 工作单格式
  • 卡片格式
题名:
新视野大学英语读写教程全程辅导
    
 
作者: 胥懋云 , 沈友华 主编
分册: 1  
出版信息: 南昌   江西科学技术出版社  2002.08
页数: 441页
开本: 20cm
丛书名:
单 册:
中图分类: H31-42
科图分类:
主题词: 英语
电子资源:
ISBN: 7-5390-2149-7
000 00665nam0 2200205 450
001 0629979124
005 20070726120643.00
010    @a7-5390-2149-7@dCNY16.00
100    @a20061012d2002 km y0chiy0120 ea
101 0  @achi
102    @aCN@b360000
200 1  @a新视野大学英语读写教程全程辅导@Axin shi ye da xue ying yu du xie jiao cheng quan cheng fu dao@h1@f胥懋云,沈友华主编@Fxu mao yun,shen you hua zhu bian
210    @a南昌@c江西科学技术出版社@d2002.08
215    @a441页@d20cm
606 0  @a英语
690    @aH31-42@v3
701  0 @a胥懋云@Axu mao yun@4主编
701  0 @a沈友华@Ashen you hua@4主编
801  0 @aCN@bPFT@c20070726
905    @a10447@dH31-42@e697:1
    
    新视野大学英语读写教程全程辅导.1/胥懋云,沈友华主编.-南昌:江西科学技术出版社,2002.08
    441页;20cm
    
    
    ISBN 7-5390-2149-7:CNY16.00
    
●
相关链接 在E读中查询图书 在五车中查询图书 在当当中查询图书 在豆瓣中查询图书


正题名:新视野大学英语读写教程全程辅导     索取号:H31-42/697:1         预约/预借

序号 登录号 条形码 馆藏地/架位号 状态 备注
1 0498932   204989325   密集书库/ [索取号:H31-42/697:1] 在馆    
2 0498933   204989334   密集书库/ [索取号:H31-42/697:1] 在馆    
3 0498934   204989343   密集书库/ [索取号:H31-42/697:1] 在馆    
4 0787853   207878536   密集书库/ [索取号:H31-42/697:1] 在馆    
唐山师范学院图书馆 欢迎您!
大连网信软件有限公司© 版权所有